[Event "VII Miedzynarodowy Festiwal Szachowy - O"]
[Site "Ostroda"]
[Date "2010.08.04"]
[Round "4.21"]
[White "Moszczenski, Milosz"]
[Black "Stachowicz, Feliks"]
[Result "1-0"]
[WhiteElo "1529"]
[BlackElo "1784"]
[PlyCount "21"]
[EventDate "2010.??.??"]

1. d4 f5 2. e4 fxe4 3. Nc3 Nf6 4. Bg5 c6 5. d5 Nxd5 6. Nxd5 Qa5+ 7. Bd2 Qxd5 8.
c4 Qf7 9. Qc2 d5 10. cxd5 cxd5 11. Qxc8# 1-0

[Event "VII Miedzynarodowy Festiwal Szachowy - O"]
[Site "Ostroda"]
[Date "2010.08.04"]
[Round "4.22"]
[White "Kuban, Wieslaw"]
[Black "Szymanowski, Igor"]
[Result "1-0"]
[WhiteElo "1775"]
[BlackElo "1395"]
[PlyCount "39"]
[EventDate "2010.??.??"]

1. e4 c5 2. c3 Nc6 3. d4 d5 4. exd5 Qxd5 5. Nf3 Bg4 6. Be2 cxd4 7. cxd4 Nf6 8.
O-O h5 9. Nc3 Qd8 10. d5 Nb8 11. Bf4 a6 12. Qb3 Qc8 13. Rac1 Qd7 14. Rfd1 Bxf3
15. Bxf3 h4 16. Na4 Qb5 17. Nb6 Nbd7 18. Nxa8 e6 19. Rc8+ Ke7 20. d6# 1-0

[Event "VII Miedzynarodowy Festiwal Szachowy - O"]
[Site "Ostroda"]
[Date "2010.08.04"]
[Round "4.25"]
[White "Janik, Igor"]
[Black "Tarczykowska, Monika"]
[Result "0-1"]
[WhiteElo "1586"]
[BlackElo "1656"]
[PlyCount "40"]
[EventDate "2010.??.??"]

1. e4 Nf6 2. e5 Nd5 3. Nc3 Nxc3 4. dxc3 d6 5. Nf3 Nc6 6. Bf4 Bg4 7. Bb5 e6 8.
h3 Bh5 9. O-O Be7 10. g4 Bg6 11. Nd4 Qd7 12. Qf3 d5 13. c4 Be4 14. Qc3 a6 15.
Bxc6 bxc6 16. f3 Bg6 17. Rad1 O-O 18. Nb3 Rab8 19. c5 Rb5 20. a4 Rbb8 0-1

[Event "VII Miedzynarodowy Festiwal Szachowy - O"]
[Site "Ostroda"]
[Date "2010.08.05"]
[Round "5.1"]
[White "Kuzmicz, Krystian"]
[Black "Mista, Aleksander"]
[Result "1/2-1/2"]
[WhiteElo "2417"]
[BlackElo "2562"]
[PlyCount "51"]
[EventDate "2010.??.??"]

1. d4 g6 2. Nf3 Bg7 3. Bf4 d6 4. e3 Nd7 5. h3 e5 6. Bh2 f5 7. Be2 Nh6 8. c4 Nf7
9. Nc3 O-O 10. O-O g5 11. dxe5 dxe5 12. Qc2 g4 13. hxg4 fxg4 14. Nd2 Nf6 15.
Nde4 Bf5 16. Bd3 Nxe4 17. Bxe4 Nd6 18. Bd5+ Kh8 19. e4 Bc8 20. c5 Nf7 21. c6
bxc6 22. Bxc6 Rb8 23. Nd5 Rb4 24. Qc3 Ba6 25. Rfe1 Ng5 26. Bg3 1/2-1/2

[Event "VII Miedzynarodowy Festiwal Szachowy - O"]
[Site "Ostroda"]
[Date "2010.08.05"]
[Round "5.2"]
[White "Rak, Tomasz"]
[Black "Reza, Wojciech"]
[Result "1/2-1/2"]
[WhiteElo "2093"]
[BlackElo "1940"]
[PlyCount "80"]
[EventDate "2010.??.??"]

1. Nf3 c5 2. c4 Nf6 3. d4 cxd4 4. Nxd4 g6 5. g3 Bg7 6. Bg2 O-O 7. Nc3 a6 8. O-O
Qc7 9. b3 Nc6 10. Nc2 d6 11. Bb2 Bd7 12. Ne3 Qa5 13. Qc1 Bh6 14. f4 Qh5 15.
Ncd5 Ng4 16. Nxg4 Bxg4 17. b4 Bg7 18. Bxg7 Kxg7 19. Qb2+ e5 20. Rae1 Rae8 21.
e3 f6 22. a4 exf4 23. gxf4 Bh3 24. Re2 Qg4 25. Kh1 Bxg2+ 26. Rxg2 Qf5 27. Qc3
Ne7 28. e4 Nxd5 29. exd5 Re4 30. Rg5 Rxc4 31. Qxc4 fxg5 32. Qc7+ Rf7 33. Qxd6
gxf4 34. Qc5 Qe4+ 35. Kg1 f3 36. Qc3+ Kh6 37. Qd2+ g5 38. d6 Kg6 39. h3 Qe2 40.
Rf2 Qe6 1/2-1/2

[Event "VII Miedzynarodowy Festiwal Szachowy - O"]
[Site "Ostroda"]
[Date "2010.08.05"]
[Round "5.3"]
[White "Plichta, Kamil"]
[Black "Wodzynski, Michal"]
[Result "1-0"]
[WhiteElo "2158"]
[BlackElo "1971"]
[PlyCount "31"]
[EventDate "2010.??.??"]

1. d4 f5 2. g4 fxg4 3. h3 d6 4. hxg4 Bxg4 5. Qd3 Nf6 6. Bh3 Bxh3 7. Nxh3 Qd7 8.
Ng5 Nc6 9. d5 Nb4 10. Qb3 Qg4 11. e4 Qg2 12. Rf1 Nxe4 13. Ne6 Nxc2+ 14. Qxc2
Kd7 15. Qxc7+ Ke8 16. Qxb7 1-0

[Event "VII Miedzynarodowy Festiwal Szachowy - O"]
[Site "Ostroda"]
[Date "2010.08.05"]
[Round "5.4"]
[White "Malczyk, Rafal"]
[Black "Dobrowolski, Marcin"]
[Result "1-0"]
[WhiteElo "2103"]
[BlackElo "1964"]
[PlyCount "63"]
[EventDate "2010.??.??"]

1. d4 Nf6 2. c4 g6 3. Nc3 Bg7 4. e4 d6 5. Nf3 O-O 6. Be2 e5 7. O-O Nc6 8. d5
Ne7 9. Nd2 Nd7 10. b4 f5 11. f3 f4 12. c5 Nf6 13. Nc4 g5 14. Ba3 Ng6 15. b5
dxc5 16. Bxc5 Rf7 17. a4 h5 18. Qd3 g4 19. Rfd1 g3 20. h3 Nh7 21. d6 c6 22.
bxc6 bxc6 23. d7 Rxd7 24. Nd6 Ng5 25. Qc4+ Kh7 26. Nf5 a5 27. h4 Ne6 28. Rxd7
Bxd7 29. Rd1 Nxc5 30. Qxc5 Qf8 31. Rd6 Bf6 32. Rxd7+ 1-0

[Event "VII Miedzynarodowy Festiwal Szachowy - O"]
[Site "Ostroda"]
[Date "2010.08.05"]
[Round "5.5"]
[White "Marchlewicz, Artur"]
[Black "Nasuta, Grzegorz"]
[Result "0-1"]
[WhiteElo "1708"]
[BlackElo "2102"]
[PlyCount "52"]
[EventDate "2010.??.??"]

1. e4 c5 2. Nf3 d6 3. d4 cxd4 4. Nxd4 Nf6 5. Nc3 e6 6. g4 h6 7. Be2 Nc6 8. h4
d5 9. exd5 Nxd5 10. h5 Nxc3 11. bxc3 Qa5 12. Bb2 Bd7 13. Bf3 O-O-O 14. Nxc6
Bxc6 15. Qe2 Ba3 16. Bxc6 Bxb2 17. Bxb7+ Kxb7 18. Rb1 Qxc3+ 19. Kf1 Kc7 20. Qa6
Rb8 21. Qxa7+ Rb7 22. Qa4 Rd8 23. Qf4+ Kc8 24. Qa4 Kb8 25. Kg2 Rd4 26. Qe8+ Ka7
0-1

[Event "VII Miedzynarodowy Festiwal Szachowy - O"]
[Site "Ostroda"]
[Date "2010.08.05"]
[Round "5.6"]
[White "Malczyk, Jakub"]
[Black "Renkowski, Piotr"]
[Result "1-0"]
[WhiteElo "2065"]
[BlackElo "1931"]
[PlyCount "46"]
[EventDate "2010.??.??"]

1. c4 d6 2. Nc3 Nc6 3. e4 e5 4. g3 Nd4 5. Bg2 Nf6 6. d3 c6 7. Be3 Qb6 8. Rb1
Bg4 9. Qd2 g6 10. h3 Be6 11. b3 h6 12. Nge2 c5 13. O-O Qb4 14. a3 Nxe2+ 15.
Qxe2 Qxc3 16. Bd2 Qc2 17. Rfc1 Qa2 18. Qd1 Qxa3 19. Ra1 Qxc1 20. Qxc1 Bg7 21.
b4 Nd7 22. Kh2 h5 23. Rb1 b6 1-0

[Event "VII Miedzynarodowy Festiwal Szachowy - O"]
[Site "Ostroda"]
[Date "2010.08.05"]
[Round "5.7"]
[White "Puczylowski, Marcin"]
[Black "Gorniewicz, Oskar"]
[Result "0-1"]
[WhiteElo "2034"]
[BlackElo "1896"]
[PlyCount "68"]
[EventDate "2010.??.??"]

1. e4 d6 2. d4 Nf6 3. Nc3 g6 4. Be3 c6 5. f3 Nbd7 6. Qd2 b5 7. a4 b4 8. Nd1 a5
9. g4 Nb6 10. h4 h5 11. g5 Nfd7 12. b3 Bg7 13. f4 c5 14. Nf3 Bb7 15. Nf2 f5 16.
gxf6 Nxf6 17. Bb5+ Nbd7 18. Ng5 Bh6 19. Ne6 Qc8 20. d5 Kf7 21. f5 Ne5 22. fxg6+
Kxg6 23. Rg1+ Nfg4 24. Be2 Bxe3 25. Qxe3 Kf7 26. Qf4+ Ke8 27. Nxg4 hxg4 28.
Bxg4 Nxg4 29. Qxg4 c4 30. Ng7+ Kd8 31. Ne6+ Ke8 32. Ng7+ Kd8 33. Qxc8+ Kxc8 34.
Nf5 e6 0-1

[Event "VII Miedzynarodowy Festiwal Szachowy - O"]
[Site "Ostroda"]
[Date "2010.08.05"]
[Round "5.8"]
[White "Goslawski, Michal"]
[Black "Maruszczak, Joanna"]
[Result "1-0"]
[WhiteElo "2018"]
[BlackElo "1643"]
[PlyCount "80"]
[EventDate "2010.??.??"]

1. d4 Nf6 2. c4 g6 3. Nc3 Bg7 4. e4 d6 5. Be2 O-O 6. Bg5 h6 7. Be3 Nbd7 8. h4
e5 9. d5 Nc5 10. Qc2 a5 11. h5 g5 12. f3 b6 13. g4 Bd7 14. b3 Qe7 15. Nh3 Ne8
16. Nf2 Bf6 17. Nb5 Qd8 18. O-O Qb8 19. Nd1 Ng7 20. Ndc3 Rc8 21. Rfd1 Be7 22.
a3 a4 23. bxa4 Bxb5 24. axb5 Ne8 25. Rd2 Ra5 26. Qb2 Qa7 27. Bd1 Ra8 28. a4 Nf6
29. Bc2 Nfd7 30. Rdd1 f6 31. Ra3 Kf7 32. Rda1 Qb7 33. Qc1 Qc8 34. Qd1 Nb8 35.
Na2 Nbd7 36. Nb4 Nb8 37. Kg2 Nb7 38. Bd2 R5a7 39. Bc3 Na5 40. Bd3 Qd7 1-0

[Event "VII Miedzynarodowy Festiwal Szachowy - O"]
[Site "Ostroda"]
[Date "2010.08.05"]
[Round "5.9"]
[White "Le Masle, Raphael"]
[Black "Budrewicz, Krzysztof"]
[Result "0-1"]
[WhiteElo "2128"]
[BlackElo "2269"]
[PlyCount "132"]
[EventDate "2010.??.??"]

1. d4 Nf6 2. Bg5 Ne4 3. Bf4 c5 4. f3 Nf6 5. dxc5 Nc6 6. e4 Qa5+ 7. Qd2 Qxc5 8.
Nc3 d6 9. O-O-O a6 10. g4 Be6 11. Nge2 Qa5 12. Kb1 g6 13. h4 h5 14. g5 Nd7 15.
Be3 Nde5 16. Nf4 Bg7 17. Qf2 Qd8 18. Bb6 Qc8 19. Ncd5 O-O 20. Be3 Rb8 21. Nb6
Qe8 22. Nfd5 Nxf3 23. Nc7 Qd8 24. Nbd5 Bg4 25. Be2 Nfe5 26. Bb6 Qd7 27. Ne3
Rbc8 28. Ncd5 Bxe2 29. Qxe2 Nd8 30. Nf5 Ndc6 31. Rdf1 Ng4 32. Rhg1 gxf5 33.
exf5 Nce5 34. f6 exf6 35. gxf6 Bh6 36. Ne7+ Kh8 37. Rf5 Qe6 38. Rxh5 Qxf6 39.
Nxc8 Rxc8 40. Bd4 Rg8 41. a3 Kh7 42. Rf1 Qg6 43. Rhf5 f6 44. h5 Qg7 45. Qe4 Kh8
46. Qd5 Qe7 47. Rg1 Rg7 48. c4 Be3 49. h6 Rg6 50. Re1 Bxd4 51. Qxd4 Qd7 52. Rf4
Qc6 53. Qa7 Rg8 54. h7 Kxh7 55. Rff1 Kg6 56. Qg1 Qxc4 57. Rd1 d5 58. Rd4 Qc8
59. Rdf4 Rf8 60. Qd4 Qe6 61. Rg1 f5 62. Re1 Re8 63. Rf3 Nxf3 64. Rxe6+ Rxe6 65.
Qxd5 Ng5 66. Qxb7 f4 0-1

[Event "VII Miedzynarodowy Festiwal Szachowy - O"]
[Site "Ostroda"]
[Date "2010.08.05"]
[Round "5.11"]
[White "Zurkowski, Andrzej"]
[Black "Pirou, David"]
[Result "1/2-1/2"]
[WhiteElo "2175"]
[BlackElo "1995"]
[PlyCount "71"]
[EventDate "2010.??.??"]

1. d4 d6 2. Nf3 Nd7 3. e4 Ngf6 4. Nc3 e5 5. Bc4 Be7 6. O-O O-O 7. h3 c6 8. a4
b6 9. Re1 Bb7 10. Bg5 a6 11. Bd3 Qc7 12. Qe2 b5 13. axb5 axb5 14. b4 exd4 15.
Nxd4 Rfe8 16. Qf3 h6 17. Bf4 Ne5 18. Qe3 Ng6 19. Bh2 Qb6 20. f4 Bf8 21. Rxa8
Bxa8 22. Qf2 d5 23. e5 Bxb4 24. Nce2 Bxe1 25. Qxe1 Ne4 26. Bxe4 dxe4 27. Kh1
Rd8 28. f5 Ne7 29. f6 Ng6 30. e6 gxf6 31. exf7+ Kxf7 32. Nf5 c5 33. Nxh6+ Kg7
34. Nf5+ Kf7 35. Nh6+ Kg7 36. Nf5+ 1/2-1/2

[Event "VII Miedzynarodowy Festiwal Szachowy - O"]
[Site "Ostroda"]
[Date "2010.08.05"]
[Round "5.12"]
[White "Wodzynski, Mieszko"]
[Black "Jozwik, Rafal"]
[Result "0-1"]
[WhiteElo "1796"]
[BlackElo "2069"]
[PlyCount "66"]
[EventDate "2010.??.??"]

1. e4 e5 2. Nf3 Nc6 3. Bc4 Bc5 4. b4 Bxb4 5. c3 Be7 6. d4 Na5 7. Bxf7+ Kxf7 8.
Nxe5+ Kf8 9. Qh5 Qe8 10. Nxd7+ Bxd7 11. Qxa5 b6 12. Qa6 Bb5 13. Qb7 Bc6 14.
Qxc7 Bxe4 15. Qf4+ Nf6 16. O-O Qg6 17. f3 Bxb1 18. Re1 Re8 19. Qc7 Bd3 20. Rxe7
Rxe7 21. Ba3 Qe8 22. Re1 Nd5 23. Bxe7+ Nxe7 24. Qf4+ Bf5 25. Rxe7 Kxe7 26. Qxf5
Rf8 27. Qxh7 Kf7 28. Kf2 Qb5 29. h4 Qb2+ 30. Kg3 Qxa2 31. Qh5+ Kg8 32. d5 Rd8
33. d6 Qe6 0-1

[Event "VII Miedzynarodowy Festiwal Szachowy - O"]
[Site "Ostroda"]
[Date "2010.08.05"]
[Round "5.13"]
[White "Kuban, Wieslaw"]
[Black "Pycka, Zbigniew"]
[Result "1-0"]
[WhiteElo "1775"]
[BlackElo "1929"]
[PlyCount "105"]
[EventDate "2010.??.??"]

1. e4 c5 2. c3 d5 3. exd5 Qxd5 4. d4 Nf6 5. Nf3 e6 6. Be2 Be7 7. O-O O-O 8. c4
Qd8 9. Nc3 Nc6 10. d5 Nb8 11. Bf4 Nh5 12. Be3 a6 13. Qc2 Nf6 14. Rad1 Qc7 15.
dxe6 Bxe6 16. Ng5 Nc6 17. Nxe6 fxe6 18. Ne4 Nxe4 19. Qxe4 e5 20. Rd5 Nd4 21.
Bd3 Bf6 22. f4 g6 23. fxe5 Rae8 24. Bxd4 cxd4 25. e6 Qb6 26. Rd7 Rxe6 27. Rxb7
Qc6 28. Qxc6 Rxc6 29. Be4 Rd6 30. Bd5+ Kh8 31. Rf3 d3 32. Rxd3 Be5 33. Rf3 Re8
34. Rff7 Bd4+ 35. Kf1 Rf6+ 36. Rxf6 Bxf6 37. b4 Bc3 38. c5 Rd8 39. Bf3 Be5 40.
c6 Bxh2 41. a4 Bg3 42. Rd7 Re8 43. Rd1 Kg7 44. b5 axb5 45. axb5 Rb8 46. Rd7+
Kh6 47. Rd5 Kg7 48. Ke2 Kf6 49. Kd3 h5 50. Kc4 Ke6 51. Rg5 h4 52. Rxg6+ Kf7 53.
Rxg3 1-0

[Event "VII Miedzynarodowy Festiwal Szachowy - O"]
[Site "Ostroda"]
[Date "2010.08.05"]
[Round "5.14"]
[White "Makosa, Angelika"]
[Black "Milkowska, Ernesta"]
[Result "1-0"]
[WhiteElo "1724"]
[BlackElo "1861"]
[PlyCount "51"]
[EventDate "2010.??.??"]

1. e4 c5 2. Nc3 a6 3. f4 b5 4. a3 Bb7 5. d3 g6 6. Nf3 Bg7 7. Ne2 Nc6 8. Ng3 d6
9. Be2 e6 10. O-O Nge7 11. f5 h6 12. fxe6 fxe6 13. Nh4 Ne5 14. c3 Qb6 15. Kh1
g5 16. Bh5+ Kd7 17. Nf3 N5c6 18. Be3 Qd8 19. d4 c4 20. Bg4 d5 21. exd5 Nxd5 22.
Bf2 Nf6 23. Ne5+ Nxe5 24. dxe5+ Nd5 25. Ne4 Bc8 26. Qxd5+ 1-0

[Event "VII Miedzynarodowy Festiwal Szachowy - O"]
[Site "Ostroda"]
[Date "2010.08.05"]
[Round "5.15"]
[White "Szymanowski, Mateusz"]
[Black "Gajek, Radoslaw"]
[Result "0-1"]
[WhiteElo "1705"]
[BlackElo "1843"]
[PlyCount "54"]
[EventDate "2010.??.??"]

1. e4 c5 2. Nf3 e6 3. d4 cxd4 4. Nxd4 a6 5. Bd3 Bc5 6. Nb3 Be7 7. c4 d6 8. Nc3
Nf6 9. Be3 b6 10. O-O Bb7 11. f4 Nbd7 12. Qe2 Qc7 13. h3 h5 14. Bd4 h4 15. Qc2
Nh5 16. Ne2 Bf6 17. Rac1 Bxd4+ 18. Nbxd4 Nc5 19. b4 Nxd3 20. Qxd3 Nf6 21. Nc3
Rc8 22. Nb3 O-O 23. Nd2 Qe7 24. Nf3 Nh5 25. Ne2 Rfd8 26. Qe3 Rb8 27. a3 Ba8 0-1

[Event "VII Miedzynarodowy Festiwal Szachowy - O"]
[Site "Ostroda"]
[Date "2010.08.05"]
[Round "5.16"]
[White "Tarczykowska, Monika"]
[Black "Ciesielski, Tomasz"]
[Result "1/2-1/2"]
[WhiteElo "1656"]
[BlackElo "1839"]
[PlyCount "53"]
[EventDate "2010.??.??"]

1. g3 e6 2. c4 d5 3. cxd5 exd5 4. d4 Nf6 5. Bg2 Be7 6. Nf3 Ne4 7. O-O O-O 8.
Nc3 c6 9. Bf4 Bf5 10. Rc1 Bd6 11. Bxd6 Qxd6 12. Qb3 Nxc3 13. Rxc3 b6 14. Rfc1
Rc8 15. Ne5 Be6 16. Qc2 c5 17. Nc4 Qd7 18. dxc5 Nc6 19. Nd6 Nb4 20. Qb3 bxc5
21. Nxc8 d4 22. Rc4 Rxc8 23. Qxb4 cxb4 24. Rxc8+ Qxc8 25. Rxc8+ Bxc8 26. Be4
Be6 27. a3 1/2-1/2

[Event "VII Miedzynarodowy Festiwal Szachowy - O"]
[Site "Ostroda"]
[Date "2010.08.05"]
[Round "5.17"]
[White "Zwara, Szymon"]
[Black "Opalinski, Sebastian"]
[Result "1/2-1/2"]
[WhiteElo "1615"]
[BlackElo "1807"]
[PlyCount "99"]
[EventDate "2010.??.??"]

1. d4 Nf6 2. Nf3 d5 3. c4 e6 4. Nc3 c6 5. e3 Bd6 6. Bd3 O-O 7. O-O Nbd7 8. Qc2
e5 9. dxe5 Nxe5 10. Nxe5 Bxe5 11. cxd5 cxd5 12. Rd1 Bg4 13. f3 Be6 14. Kh1 Qc7
15. g3 Rac8 16. Bd2 d4 17. exd4 Bxd4 18. Rac1 Qc6 19. Ne4 Qxc2 20. Rxc2 Nxe4
21. Bxe4 Rxc2 22. Bxc2 Bxb2 23. Be3 b6 24. Bb3 Bxb3 25. axb3 f6 26. Rd7 Rf7 27.
Rd8+ Rf8 28. Rd7 Re8 29. Bf2 Re2 30. Bg1 Bc3 31. Rxa7 b5 32. Rb7 Re5 33. f4 Rd5
34. Kg2 b4 35. Kf3 f5 36. h3 Rd3+ 37. Kf2 Rd1 38. Kg2 Rb1 39. Bc5 Rxb3 40. g4
fxg4 41. hxg4 g6 42. f5 Rb1 43. f6 Bxf6 44. Rxb4 Rxb4 45. Bxb4 Kf7 46. Kf3 Ke6
47. Ke4 Bb2 48. Bd2 Be5 49. Bb4 Kf6 50. Bd2 1/2-1/2

[Event "VII Miedzynarodowy Festiwal Szachowy - O"]
[Site "Ostroda"]
[Date "2010.08.05"]
[Round "5.18"]
[White "Opalinski, Krzysztof"]
[Black "Moszczenski, Milosz"]
[Result "1/2-1/2"]
[WhiteElo "1805"]
[BlackElo "1529"]
[PlyCount "58"]
[EventDate "2010.??.??"]

1. e4 e6 2. Nc3 d5 3. f4 Nf6 4. e5 Nfd7 5. Nf3 c5 6. Be2 Nc6 7. O-O Be7 8. Kh1
f5 9. a4 a6 10. d4 O-O 11. b3 cxd4 12. Nxd4 Nxd4 13. Qxd4 Qc7 14. Bb2 b6 15.
Bf3 Bb7 16. Rad1 Bc5 17. Qd3 Rfd8 18. Rd2 Nf8 19. Ne2 Ng6 20. Rfd1 Nh4 21. Nd4
Qf7 22. c3 Nxf3 23. Nxf3 Rac8 24. b4 Be7 25. Nd4 Rc4 26. Qe3 Rdc8 27. Nf3 Bd8
28. Rd4 Qe8 29. Ra1 h6 1/2-1/2

[Event "VII Miedzynarodowy Festiwal Szachowy - O"]
[Site "Ostroda"]
[Date "2010.08.05"]
[Round "5.19"]
[White "Siwon, Zbigniew"]
[Black "Olchowko, Marika"]
[Result "1-0"]
[WhiteElo "1854"]
[BlackElo "1667"]
[PlyCount "79"]
[EventDate "2010.??.??"]

1. d4 d5 2. c4 Nc6 3. Nc3 dxc4 4. e3 e5 5. d5 Nce7 6. Bxc4 Ng6 7. Qa4+ Bd7 8.
Qb3 Bd6 9. Nge2 Rb8 10. Nb5 a6 11. Nxd6+ cxd6 12. a4 Nf6 13. Ng3 O-O 14. O-O
Qa5 15. Ra3 h5 16. Rd1 h4 17. Bd2 Qd8 18. Ne2 Ne4 19. Bb4 a5 20. Be1 Nc5 21.
Qc3 Bxa4 22. b3 b5 23. Qxa5 bxc4 24. Qxd8 Rfxd8 25. bxa4 Ra8 26. a5 Ra6 27. Rb1
Nb3 28. Nc1 Nc5 29. f3 f6 30. Rb4 Ne7 31. e4 Nd3 32. Nxd3 cxd3 33. Rb7 Ng6 34.
g3 hxg3 35. hxg3 Nf8 36. Rxd3 Nd7 37. Bb4 Rb8 38. Rxb8+ Nxb8 39. Rc3 Nd7 40.
Rc6 1-0

[Event "VII Miedzynarodowy Festiwal Szachowy - O"]
[Site "Ostroda"]
[Date "2010.08.05"]
[Round "5.20"]
[White "Wodzynska, Zofia"]
[Black "Jubin, Thierry"]
[Result "1/2-1/2"]
[WhiteElo "1567"]
[BlackElo "1846"]
[PlyCount "62"]
[EventDate "2010.??.??"]

1. e4 c6 2. d4 d5 3. f3 e6 4. Nc3 Nf6 5. Be3 Bb4 6. e5 Nfd7 7. Nge2 c5 8. a3
cxd4 9. Bxd4 Be7 10. f4 b6 11. g3 Nc6 12. Bf2 Ba6 13. Bg2 Qc7 14. b4 Bc4 15.
Rb1 Rc8 16. Rb2 O-O 17. O-O f6 18. Re1 fxe5 19. fxe5 Ndxe5 20. Nf4 Qd6 21. Bh3
Rf6 22. b5 Qxa3 23. Rb1 Nd8 24. Rxe5 Qxc3 25. Re3 Qa5 26. Nxe6 Kf7 27. Ng5+ Kg6
28. Bxc8 Bc5 29. Rf3 Kxg5 30. h4+ Kg6 31. Rxf6+ gxf6 1/2-1/2

[Event "VII Miedzynarodowy Festiwal Szachowy - O"]
[Site "Ostroda"]
[Date "2010.08.05"]
[Round "5.22"]
[White "Olchowko, Blazej"]
[Black "Kotlewski, Lukasz"]
[Result "1-0"]
[WhiteElo "1754"]
[BlackElo "1657"]
[PlyCount "51"]
[EventDate "2010.??.??"]

1. Nc3 Nf6 2. e4 d6 3. d4 g6 4. Bb5+ Bd7 5. Bxd7+ Qxd7 6. f3 Bg7 7. Be3 Nc6 8.
Qd2 a6 9. Nge2 h5 10. Rb1 Rd8 11. O-O b6 12. Nf4 O-O 13. Nfe2 Kh7 14. h3 b5 15.
b4 Ng8 16. f4 f6 17. d5 Nb8 18. Nd4 Rf7 19. Ne6 Rc8 20. f5 g5 21. Bxg5 Kh8 22.
Be3 Bf8 23. Ne2 Qe8 24. N2f4 Nd7 25. Ng6+ Kh7 26. Qd1 1-0

[Event "VII Miedzynarodowy Festiwal Szachowy - O"]
[Site "Ostroda"]
[Date "2010.08.05"]
[Round "5.23"]
[White "Grenda, Wojciech"]
[Black "Shemraev, Anton"]
[Result "0-1"]
[WhiteElo "1545"]
[BlackElo "1967"]
[PlyCount "60"]
[EventDate "2010.??.??"]

1. e4 c5 2. Nc3 Nc6 3. g3 g6 4. Bg2 Bg7 5. d3 Nf6 6. h3 O-O 7. Be3 d6 8. Nge2
Rb8 9. Qd2 Re8 10. O-O b5 11. Bh6 Bh8 12. f4 b4 13. Nd1 Bb7 14. g4 Nd7 15. Ng3
Nb6 16. h4 e5 17. g5 exf4 18. Qxf4 Qd7 19. Bh3 Qc7 20. Rb1 Be5 21. Qf3 Nd4 22.
Qg2 Bxg3 23. Ne3 d5 24. Ng4 Nd7 25. Nf6+ Nxf6 26. gxf6 dxe4 27. Qd2 Nf3+ 28.
Rxf3 exf3 29. h5 Re2 30. Qg5 f2+ 0-1

[Event "VII Miedzynarodowy Festiwal Szachowy - O"]
[Site "Ostroda"]
[Date "2010.08.05"]
[Round "5.24"]
[White "Stachowicz, Feliks"]
[Black "Niewiarowski, Mieszko"]
[Result "1-0"]
[WhiteElo "1784"]
[BlackElo "1546"]
[PlyCount "55"]
[EventDate "2010.??.??"]

1. d4 Nf6 2. Nf3 e6 3. Bg5 d5 4. e3 b6 5. c4 Bb4+ 6. Nc3 Nbd7 7. Rc1 Bb7 8. Be2
h6 9. Bh4 O-O 10. O-O Rc8 11. Ne5 Be7 12. Qa4 a5 13. Nc6 Bxc6 14. Qxc6 Nb8 15.
Qa4 Qd7 16. Qb3 Nc6 17. Bxf6 Bxf6 18. cxd5 exd5 19. Nxd5 Qd6 20. Nxf6+ Qxf6 21.
Bf3 Ne7 22. Bg4 Nf5 23. Qb5 c5 24. dxc5 Nh4 25. Bxc8 Rxc8 26. Qd7 Rf8 27. c6
Qg6 28. Qh3 1-0

[Event "VII Miedzynarodowy Festiwal Szachowy - O"]
[Site "Ostroda"]
[Date "2010.08.05"]
[Round "5.26"]
[White "Szymanowski, Igor"]
[Black "Ostrega, Przemyslaw"]
[Result "1-0"]
[WhiteElo "1395"]
[BlackElo "1600"]
[PlyCount "69"]
[EventDate "2010.??.??"]

1. e4 Nc6 2. Nf3 d6 3. Bc4 Nf6 4. Nc3 g6 5. d3 Bg7 6. Be3 O-O 7. Qd2 Ng4 8.
O-O-O Nxe3 9. fxe3 a6 10. h3 b5 11. Bb3 Na5 12. g4 Nxb3+ 13. axb3 Bd7 14. g5 a5
15. h4 a4 16. bxa4 bxa4 17. Qg2 a3 18. d4 axb2+ 19. Kd2 Ra3 20. Nb1 Ra5 21. h5
f6 22. hxg6 hxg6 23. Qh2 fxg5 24. Qh7+ Kf7 25. Rdf1 Qb8 26. Nxg5+ Ke8 27. Qxg6+
Kd8 28. Rxf8+ Bxf8 29. Rh8 Be8 30. Rxf8 Qb4+ 31. c3 Qb5 32. Ne6+ Kd7 33. Rxe8
Qf1 34. Rd8+ Kc6 35. Qe8+ 1-0

[Event "VII Miedzynarodowy Festiwal Szachowy - O"]
[Site "Ostroda"]
[Date "2010.08.05"]
[Round "6.1"]
[White "Mista, Aleksander"]
[Black "Plichta, Kamil"]
[Result "1-0"]
[WhiteElo "2562"]
[BlackElo "2158"]
[PlyCount "79"]
[EventDate "2010.??.??"]

1. e4 c5 2. Nf3 g6 3. d4 cxd4 4. Nxd4 Nc6 5. Nc3 Bg7 6. Be3 Nf6 7. Bc4 Qa5 8.
O-O O-O 9. Bb3 d6 10. h3 Bd7 11. Re1 Rfe8 12. Qd3 Rac8 13. f4 Nxd4 14. Bxd4 Bc6
15. Rad1 Nd7 16. Bxg7 Kxg7 17. Kh2 Nc5 18. Qe3 Nxb3 19. axb3 Qc5 20. Qg3 b5 21.
Rd2 b4 22. Nd1 a5 23. e5 Bd7 24. Ne3 Rcd8 25. Red1 Bc8 26. f5 f6 27. Rd5 Qc7
28. exf6+ exf6 29. Nc4 Re2 30. fxg6 hxg6 31. Nxd6 Qxc2 32. Nf5+ Bxf5 33. Rxd8
g5 34. h4 Be4 35. R1d7+ Kg6 36. Rg8+ Kf5 37. Rxg5+ fxg5 38. Qxg5+ Ke6 39. Re7+
Kd6 40. Qe5+ 1-0

[Event "VII Miedzynarodowy Festiwal Szachowy - O"]
[Site "Ostroda"]
[Date "2010.08.05"]
[Round "6.2"]
[White "Nasuta, Grzegorz"]
[Black "Kuzmicz, Krystian"]
[Result "0-1"]
[WhiteElo "2102"]
[BlackElo "2417"]
[PlyCount "70"]
[EventDate "2010.??.??"]

1. e4 g6 2. d4 Bg7 3. Nc3 c6 4. f4 d5 5. e5 Nh6 6. Nf3 Bg4 7. Be3 f6 8. h3 Bxf3
9. Qxf3 fxe5 10. dxe5 O-O 11. O-O-O e6 12. Qe2 Nf5 13. Bf2 g5 14. g4 Nh6 15. f5
exf5 16. Bg2 Qe7 17. Rhe1 Na6 18. Bd4 Nc7 19. Kb1 Ne6 20. Nxd5 cxd5 21. Bxd5
Kh8 22. Bc3 Nf4 23. Qb5 Nxd5 24. Rxd5 Rfd8 25. Rd6 fxg4 26. Bb4 Qe8 27. Qxb7
gxh3 28. Qe4 Rxd6 29. Bxd6 Rd8 30. c4 Nf7 31. c5 Nxe5 32. Bxe5 Qxe5 33. Qxe5
Bxe5 34. Rxe5 h2 35. Re1 g4 0-1

[Event "VII Miedzynarodowy Festiwal Szachowy - O"]
[Site "Ostroda"]
[Date "2010.08.05"]
[Round "6.3"]
[White "Gorniewicz, Oskar"]
[Black "Malczyk, Rafal"]
[Result "0-1"]
[WhiteElo "1896"]
[BlackElo "2103"]
[PlyCount "66"]
[EventDate "2010.??.??"]

1. e4 g6 2. d4 Bg7 3. Nc3 d6 4. f4 Nf6 5. Nf3 c5 6. Bb5+ Bd7 7. Bxd7+ Nfxd7 8.
Be3 Na6 9. O-O O-O 10. e5 cxd4 11. Bxd4 dxe5 12. fxe5 Nac5 13. Nd5 Ne6 14. Bc3
Nb6 15. Nxb6 Qxb6+ 16. Kh1 Qc5 17. a4 a6 18. a5 Rac8 19. Qe2 Qc4 20. Qf2 Nc7
21. Ra3 Nb5 22. Rb3 Nxc3 23. Rxc3 Qd5 24. Rxc8 Rxc8 25. h4 h6 26. c3 Rc4 27.
Qb6 Bxe5 28. h5 Bc7 29. Qa7 Qxh5+ 30. Kg1 Bd6 31. Qa8+ Kg7 32. Qxb7 Bc5+ 33.
Nd4 Rxd4 0-1

[Event "VII Miedzynarodowy Festiwal Szachowy - O"]
[Site "Ostroda"]
[Date "2010.08.05"]
[Round "6.5"]
[White "Budrewicz, Krzysztof"]
[Black "Goslawski, Michal"]
[Result "1-0"]
[WhiteElo "2269"]
[BlackElo "2018"]
[PlyCount "35"]
[EventDate "2010.??.??"]

1. d4 d5 2. c4 c6 3. Nc3 Nf6 4. Nf3 e6 5. e3 Nbd7 6. Qc2 Bd6 7. g4 Nxg4 8. Rg1
Qf6 9. Rxg4 Qxf3 10. Rxg7 Nf8 11. Rg2 Ng6 12. Qe2 Nh4 13. Rg5 h5 14. Kd1 f6 15.
Rg1 dxc4 16. Qxf3 Nxf3 17. Rh1 b5 18. Bg2 1-0

[Event "VII Miedzynarodowy Festiwal Szachowy - O"]
[Site "Ostroda"]
[Date "2010.08.05"]
[Round "6.6"]
[White "Bodenez, Vincent"]
[Black "Rak, Tomasz"]
[Result "1/2-1/2"]
[WhiteElo "2177"]
[BlackElo "2093"]
[PlyCount "65"]
[EventDate "2010.??.??"]

1. e4 c5 2. Nf3 Nc6 3. Nc3 g6 4. d4 cxd4 5. Nxd4 Bg7 6. Be3 Nf6 7. Bc4 O-O 8.
Bb3 d6 9. f3 Bd7 10. Qd2 Qb8 11. h4 Rc8 12. h5 Nxh5 13. g4 Nf6 14. Nd5 Nxd5 15.
exd5 Ne5 16. Qh2 h5 17. gxh5 g5 18. Qg3 g4 19. h6 Bf6 20. fxg4 Nxg4 21. Ne6
fxe6 22. Qxg4+ Kh8 23. dxe6 Rg8 24. Qf4 Bc6 25. Rf1 Bg2 26. Rg1 d5 27. Qxb8
Raxb8 28. O-O-O Bf3 29. Rdf1 Be2 30. Rxg8+ Rxg8 31. Re1 d4 32. Bxd4 Bxd4 33.
Rxe2 1/2-1/2